000 00645nam a2200217 i 4500
001 81712
003 ES-MaACL
005 20250415213636.0
007 t|
008 041105s1978 sp ||||1| spa d
100 1 _aHull, L. W. H.
_964693
245 1 0 _aHistoria y filosofía de la Ciencia /
_cL.W.H. Hull ; traducción de Manuel Sacristán.
250 _a[4ª ed.].
260 _aBarcelona :
_bAriel,
_c[1978]
300 _a399 p., 16 lám. :
_bil. ;
_c22 cm.
490 1 _aZetein
700 1 _aSacristán, Manuel,
_d1925-1985
_9101268
830 0 _aZetein
_9231547
852 _aES-MaACL
_jA-8305
_bR.97085
999 _c81712
_d81712